000 00236nam a2200109Ia 4500
005 20260121122225.0
008 220805s9999 xx 000 0 und d
041 _aeng
082 _a398.210944
245 _aThe Three Wishes
942 _cBK
999 _c47644
_d47644